000 00708nam a2200193 i 4500
001 97915
003 ES-MaACL
007 t|
008 050719s1974 sp ||||1| spa d
100 1 _aMarín Pérez, Pascual,
_d1917-1991
_976809
245 1 0 _aIntroducción a la Ciencia del Derecho... /
_cpor Pascual Marín Pérez; con la colaboración de María Luisa Marín Castán.
260 _aMadrid :
_bTecnos,
_c1974.
300 _a414 p., 1 lám. ret. aut. ;
_c21 cm.
490 1 _aManuales universitarios españoles
700 1 _aMarín Castán, María Luisa.
_976779
830 0 _aManuales universitarios españoles
_9184446
852 _aES-MaACL
_jE-6331
_bR.90415
999 _c97915
_d97915